000
00499nam a2200157Ia 4500
008
090124s9999 xx 000 0 und d
082
_b
33822
245
_a
शिशिरपालवी
250
_a
0
260
_b
"जयदीप प्रकाशन, पुणे"
300
_a
140
630
_a
शिशिरपालवी
700
_a
दिवेकर कल्याणी व कोरगावकर भाल
730
_a
शिशिरपालवी
942
_c
BOOK
999
_c
99703
_d
99703